000 00656cam a22002173a 4500
001 38484
003 PGUSA
005 20140828083841.0
008 120103s2012||||xxu|||||s|||||000 | eng d
040 _aPGUSA
_beng
042 _adc
100 1 _aHerndon, William H.
245 1 0 _aAbraham Lincoln, Volume 2 (of 2) :
_bThe True Story of a Great Life
_h[electronic resource] /
_cWilliam H. Herndon
260 _bProject Gutenberg,
_c2012
506 _aPublic domain in the USA.
516 _aElectronic text
700 1 _aWhite, Horace,
_d1834-1916
830 0 _aProject Gutenberg
_v38484
856 4 0 _uhttp://www.gutenberg.org/ebooks/38484
942 _cEB
999 _c267738
_d267738